Fr. Conceicao Rodrigues College of Engineering

An aid to Solving Problems in Strength of Materials (Record no. 20363)

MARC details
000 -LEADER
fixed length control field 00324nam a2200133Ia 4500
082 ## - DEWEY DECIMAL CLASSIFICATION NUMBER
Classification number 620.1
100 ## - MAIN ENTRY--PERSONAL NAME
Personal name Mirolvubov/I.N
245 ## - TITLE STATEMENT
Title An aid to Solving Problems in Strength of Materials
260 ## - PUBLICATION, DISTRIBUTION, ETC.
Name of publisher, distributor, etc. Mir Publishers
Place of publication, distribution, etc. Moscow
Date of publication, distribution, etc. 1977
300 ## - PHYSICAL DESCRIPTION
Extent 477
546 ## - LANGUAGE NOTE
Language note ENGLISH
654 ## - SUBJECT ADDED ENTRY--FACETED TOPICAL TERMS
Focus term Strength of Materials
942 ## - ADDED ENTRY ELEMENTS (KOHA)
Koha item type BOOK
Holdings
Withdrawn status Lost status Damaged status Not for loan Collection Home library Current library Date acquired Cost, normal purchase price Inventory number Total Checkouts Full call number Barcode Date last seen Cost, replacement price Price effective from Koha item type Shelving location Source of acquisition
        AFT Fr. Agnel's C.Rodrigues College of Engineering Fr. Agnel's C.Rodrigues College of Engineering 17/03/2023 6.50 LVG;4969   620.1 AFT1824 17/03/2023 6.50 17/03/2023 BOOK    
        AFT Fr. Agnel's C.Rodrigues College of Engineering Fr. Agnel's C.Rodrigues College of Engineering 17/03/2023 9.00 5381   620.112 AFT2772 17/03/2023 9.00 17/03/2023 BOOK   LVG